Teoreticko-experimentálna štúdia rozdelenia odboru medzi dno a steny v pravouhlých žľaboch

Bibliographic Details
Main Author: Komora, Július (Author)
Format: Book
Language:Slovak
PhysicalDescription:120 strán fotografie, grafy, tabuľky 24 cm
Published: Bratislava Výskumný ústav vodohospodársky 1959
Series:Práce a štúdie
Subjects:

MARC

LEADER 00000cam a2200000 a 4500
001 vtls008360646
003 SK-MaSNL
005 20260301204857.0
008 230403s1959 xo odl ern 000 0 slo
015 |a SNBA1960/11-01723 
020 |q (brožované) 
035 |a SK01SNK19600052863 
035 |a urn:nbn:sk:snk-am3ijz3 
035 |a 2C29A69A-440C-451B-9740-B41EA3AB1624 
035 |a urn:nbn:sk:snk-am00empc 
035 |a SKM000055326 
040 |a SNK  |b slo  |c SNK  |e AACR2 
041 0 |a slo  |b fre  |b rus 
044 |a xo  |c SK 
080 |a 532.543  |2 2011 
080 |a (048.8)  |2 2011 
080 |a 626/628  |2 2011 
100 1 |a Komora, Július  |4 aut  |9 266104 
245 1 0 |a Teoreticko-experimentálna štúdia rozdelenia odboru medzi dno a steny v pravouhlých žľaboch  |c Július Komora 
260 |a Bratislava  |b Výskumný ústav vodohospodársky  |c 1959 
300 |a 120 strán  |b fotografie, grafy, tabuľky  |c 24 cm 
490 1 |a Práce a štúdie  |v č. 6 
504 |a Bibliografia na strane 115-118 
521 |a Pre internú potrebu Výskumného ústavu vodohospodárskeho v Bratislave 
546 |a Francúzske a ruské resumé 
650 0 7 |a pravouhlé žľaby  |2 SNKPH  |9 590238 
650 0 7 |a tangenciálne napätie  |2 SNKPH  |9 590239 
650 0 7 |a prúdenie v otvorených korytách  |2 SNKPH  |9 202869 
650 0 7 |a vodné hospodárstvo  |2 SNKPH  |9 759 
655 7 |a štúdie  |2 SNKPH  |9 57033 
830 0 |a Práce a štúdie  |9 307458 
852 |a Slovenská národná knižnica 
954 |a odborná, vedecká literatúra pôvodná (slovenská)  |2 lita 
958 |a TL 
958 |a NB 
958 |a RK 
958 |a OND 
958 |a EUIPO 
999 |c 908024  |d 909954 
952 |a SNK  |b SNK  |y PREZ  |7 0  |p 17A0846348  |o snkSC 14622  |i snkKSP 3469/60  |0 0  |1 0  |4 0  |d 2020-04-21  |f 1  |l 0  |r 2025-07-16 00:00:00  |w 2026-02-24 
952 |a SNK  |b SNK  |y VYP  |7 0  |o snkSC 14622 D1  |0 0  |1 0  |4 0  |d 2020-04-21  |l 0  |r 2026-02-24 07:35:06  |w 2026-02-24